000 00465nam a2200205Ia 4500
001 12988
003 GE_BSU
008 181216s||||||||xx |||||||||||||| ||und||
040 _cGE_BSU
080 _a821.111-312.4
100 _aSimenon,Georges.
245 _aMaigret Victorious.
250 _aA sixth omnibus.
260 _aLondon.
260 _bBook Club Associates.
260 _c1975
300 _a281p;22cm.
653 _aMaigret Victorious.
942 _cBK
999 _c46156
_d46156